[Event "7eme Open de Saint-Chely d'Aubrac"]
[Site "Saint-Chely d'Aubrac (12)"]
[Date "2007.07.14"]
[Round "1.1"]
[White "Degraeve, Jean-Marc"]
[Black "Viennot, Kevin"]
[Result "1-0"]
[WhiteElo "2520"]
[BlackElo "1760"]
[PlyCount "63"]
[EventDate "2007.??.??"]

1. e4 c5 2. Nc3 e6 3. Nf3 a6 4. d4 cxd4 5. Nxd4 Nc6 6. Nxc6 bxc6 7. Bd3 Bb4 8.
O-O Bxc3 9. bxc3 Ne7 10. Ba3 O-O 11. Qh5 f6 12. Rfe1 Qe8 13. Qa5 e5 14. Bd6 Ng6
15. Bc4+ Rf7 16. g3 Nf8 17. Bxf8 Qxf8 18. Bxf7+ Kxf7 19. Rab1 Ra7 20. Rb8 Rb7
21. Rxb7 Bxb7 22. Rb1 Ba8 23. Qc7 Qa3 24. Qxd7+ Kg6 25. Qe8+ Kh6 26. Qxa8 Qxa2
27. Rf1 Qxc2 28. Qxc6 a5 29. Ra1 Kg5 30. h4+ Kg4 31. Qd7+ Kf3 32. Qd1+ 1-0

[Event "7eme Open de Saint-Chely d'Aubrac"]
[Site "Saint-Chely d'Aubrac (12)"]
[Date "2007.07.14"]
[Round "1.2"]
[White "Mayet, Lucas"]
[Black "Riff, Jean-Noel"]
[Result "0-1"]
[WhiteElo "1741"]
[BlackElo "2460"]
[PlyCount "50"]
[EventDate "2007.??.??"]

1. d4 Nf6 2. c4 e6 3. Nf3 Nc6 4. Nc3 Bb4 5. e3 d6 6. Bd3 O-O 7. O-O Bxc3 8.
bxc3 e5 9. d5 Nb8 10. e4 Nbd7 11. Bg5 h6 12. Bh4 Nc5 13. Bxf6 Qxf6 14. h3 g5
15. Nh2 Qg6 16. Qf3 Kg7 17. Rfd1 h5 18. g4 hxg4 19. hxg4 Rh8 20. Kg2 Rh4 21.
Rd2 Bd7 22. Re1 Rah8 23. Nf1 Bxg4 24. Qg3 Bh3+ 25. Kf3 Nxd3 0-1

[Event "7eme Open de Saint-Chely d'Aubrac"]
[Site "Saint-Chely d'Aubrac (12)"]
[Date "2007.07.14"]
[Round "1.3"]
[White "Saucey, Michel"]
[Black "Cuq, Christian"]
[Result "1-0"]
[WhiteElo "2347"]
[BlackElo "1720"]
[PlyCount "63"]
[EventDate "2007.??.??"]

1. d4 d5 2. c4 e6 3. Nc3 Nf6 4. Nf3 Be7 5. Bf4 c6 6. e3 Nbd7 7. Rc1 Nf8 8. Bd3
Ng6 9. Bg3 O-O 10. h4 Bd6 11. h5 Bxg3 12. hxg6 Bxf2+ 13. Kxf2 fxg6 14. Kg1 Ng4
15. Qe2 Rf7 16. Rf1 Qf8 17. Rh4 Nh6 18. Ne5 Rxf1+ 19. Qxf1 Qxf1+ 20. Kxf1 Nf5
21. Rh3 Ne7 22. Rf3 b6 23. Rf7 Nf5 24. Bxf5 gxf5 25. Rc7 c5 26. cxd5 cxd4 27.
exd4 exd5 28. Nc6 Ba6+ 29. Kf2 Bd3 30. Nxd5 Bc4 31. Nde7+ Kf8 32. d5 1-0

[Event "7eme Open de Saint-Chely d'Aubrac"]
[Site "Saint-Chely d'Aubrac (12)"]
[Date "2007.07.14"]
[Round "1.4"]
[White "Heudre, Dominique"]
[Black "Deschler, Fabrice"]
[Result "0-1"]
[WhiteElo "1720"]
[BlackElo "2151"]
[PlyCount "116"]
[EventDate "2007.??.??"]

1. d4 Nf6 2. c4 g6 3. Nc3 Bg7 4. Nf3 O-O 5. e3 c5 6. Qc2 d5 7. h3 cxd4 8. Nxd4
e5 9. Nb3 d4 10. Nd1 Nc6 11. a3 Bf5 12. Bd3 e4 13. Bf1 d3 14. Qd2 h5 15. Nc5 b6
16. Na4 Na5 17. Qb4 Nd7 18. Rb1 Nc5 19. Nxc5 bxc5 20. Qxc5 d2+ 21. Bxd2 Qxd2+
22. Kxd2 Nb3+ 23. Ke1 Nxc5 24. b4 Na4 25. Be2 Bc3+ 26. Nxc3 Nxc3 27. Rb3 Nxe2
28. Kxe2 Rfd8 29. Rd1 Rac8 30. c5 Bd7 31. Rd4 Bb5+ 32. Kd2 f5 33. h4 Kf7 34. f4
exf3 35. gxf3 f4 36. Rb2 fxe3+ 37. Kxe3 Rxd4 38. Kxd4 Kf6 39. Rb3 a6 40. Re3
Rd8+ 41. Kc3 Kf5 42. Kb3 Rd3+ 43. Rxd3 Bxd3 44. c6 Ke6 45. a4 Kd6 46. Kc3 Be2
47. f4 Kxc6 48. Kd4 Bd1 49. b5+ axb5 50. axb5+ Kxb5 51. Kd5 Bf3+ 52. Ke5 Kc4
53. f5 gxf5 54. Kxf5 Kd3 55. Kf4 Ke2 56. Kg3 Ke3 57. Kh2 Bg4 58. Kg3 Ke4 0-1

[Event "7eme Open de Saint-Chely d'Aubrac"]
[Site "Saint-Chely d'Aubrac (12)"]
[Date "2007.07.14"]
[Round "1.5"]
[White "Nass, Emile"]
[Black "Luc, Rene"]
[Result "1-0"]
[WhiteElo "2095"]
[BlackElo "1710"]
[PlyCount "47"]
[EventDate "2007.??.??"]

1. d4 e6 2. Nf3 f5 3. g3 c6 4. Bg2 Nf6 5. O-O Be7 6. c4 d5 7. Nc3 O-O 8. b3 Na6
9. Bb2 Nc7 10. Ne5 Nd7 11. Nd3 Bf6 12. e3 e5 13. cxd5 exd4 14. exd4 Bxd4 15.
dxc6 bxc6 16. Bxc6 Rb8 17. Ne2 Bxb2 18. Nxb2 Qf6 19. Qc2 Na6 20. Nd3 Ne5 21.
Nxe5 Qxe5 22. Nf4 Nc5 23. Bd5+ Ne6 24. Rae1 1-0

[Event "7eme Open de Saint-Chely d'Aubrac"]
[Site "Saint-Chely d'Aubrac (12)"]
[Date "2007.07.14"]
[Round "1.6"]
[White "Desboeufs, Claude"]
[Black "Desboeufs, Alexandre"]
[Result "0-1"]
[WhiteElo "1660"]
[BlackElo "2065"]
[PlyCount "92"]
[EventDate "2007.??.??"]

1. c4 e5 2. Nc3 Nf6 3. Nf3 d6 4. g3 c5 5. Bg2 Nc6 6. O-O Be7 7. d3 O-O 8. Bd2
Re8 9. Qc1 Rb8 10. Ng5 Bf5 11. f4 exf4 12. Rxf4 Bg6 13. Nge4 Nd4 14. Qf1 Nxe4
15. Bxe4 Bg5 16. Bxg6 fxg6 17. Ne4 Bxf4 18. Bxf4 Rc8 19. e3 Ne6 20. Nxd6 g5 21.
Be5 Rf8 22. Qh3 g4 23. Qxg4 Ng5 24. Bf4 Rc6 25. Qxg5 Rxd6 26. Qxc5 Rxd3 27. Rf1
b6 28. Qh5 Rd2 29. Rb1 Qa8 30. Qh3 Qe4 31. Rc1 Rxb2 32. Re1 Rxa2 33. Bd6 Re8
34. Bf4 Qxc4 35. Qd7 Qe6 36. Qb5 a6 37. Qd3 b5 38. Rc1 Kh8 39. Rc5 Qh3 40. Rc2
Ra1+ 41. Kf2 Qxh2+ 42. Kf3 Qh5+ 43. Kf2 Rd1 44. Qe2 Qh1 45. Ra2 Rg1 46. e4 Rg2+
0-1

[Event "7eme Open de Saint-Chely d'Aubrac"]
[Site "Saint-Chely d'Aubrac (12)"]
[Date "2007.07.14"]
[Round "1.7"]
[White "Candy, Romain"]
[Black "Messinger, Karl"]
[Result "1-0"]
[WhiteElo "2060"]
[BlackElo "1640"]
[PlyCount "67"]
[EventDate "2007.??.??"]

1. d4 Nf6 2. c4 e6 3. Nc3 Bb4 4. Qc2 O-O 5. a3 Bxc3+ 6. Qxc3 d6 7. Nf3 Nbd7 8.
Bg5 h6 9. Bh4 Qe7 10. e3 e5 11. Rd1 b6 12. Be2 Rd8 13. dxe5 dxe5 14. Nxe5 Nc5
15. Rxd8+ Qxd8 16. Bf3 Bb7 17. Bxb7 Nxb7 18. Nf3 g5 19. Bg3 Ne4 20. Qc2 Nbc5
21. b4 Qd3 22. Qxd3 Nxd3+ 23. Ke2 Nxg3+ 24. hxg3 Nb2 25. Rc1 Rd8 26. Rc2 Nd3
27. Rd2 Nc1+ 28. Kd1 Nd3 29. Kc2 g4 30. Rxd3 Rxd3 31. Kxd3 gxf3 32. gxf3 Kf8
33. Kd4 Ke7 34. Ke5 1-0

[Event "7eme Open de Saint-Chely d'Aubrac"]
[Site "Saint-Chely d'Aubrac (12)"]
[Date "2007.07.14"]
[Round "1.8"]
[White "Gazel, Bruno"]
[Black "Bonneville, Jean-Paul"]
[Result "0-1"]
[WhiteElo "1630"]
[BlackElo "2048"]
[PlyCount "46"]
[EventDate "2007.??.??"]

1. e4 c5 2. Nf3 d6 3. d4 cxd4 4. Nxd4 Nf6 5. Nc3 a6 6. Be2 e5 7. Nb3 Nc6 8. O-O
Be7 9. Be3 O-O 10. f4 exf4 11. Rxf4 Be6 12. Nd5 Ne5 13. Nxe7+ Qxe7 14. Nd4 Ng6
15. Rf1 Nxe4 16. Bf2 Nxf2 17. Rxf2 Qg5 18. Bf3 d5 19. Qf1 Ne5 20. Re1 Rae8 21.
Kh1 Bd7 22. Bxd5 Ng4 23. Rxf7 Qxd5 0-1

[Event "7eme Open de Saint-Chely d'Aubrac"]
[Site "Saint-Chely d'Aubrac (12)"]
[Date "2007.07.14"]
[Round "1.9"]
[White "Baeumlin, Francois"]
[Black "Saucey, Capucine"]
[Result "1-0"]
[WhiteElo "2018"]
[BlackElo "1629"]
[PlyCount "41"]
[EventDate "2007.??.??"]

1. e4 e5 2. Nf3 Nc6 3. Bb5 a6 4. Bxc6 dxc6 5. O-O Bd6 6. d4 Qe7 7. h3 Bd7 8.
Nc3 O-O-O 9. dxe5 Bxe5 10. Nxe5 Qxe5 11. Qf3 g5 12. Qe3 g4 13. Qa7 Be6 14. Qa8+
Kd7 15. Rd1+ Bd5 16. Qxb7 Ne7 17. exd5 Rb8 18. dxc6+ Ke6 19. Qxa6 Rhd8 20. Qc4+
Kf6 21. Bf4 1-0

[Event "7eme Open de Saint-Chely d'Aubrac"]
[Site "Saint-Chely d'Aubrac (12)"]
[Date "2007.07.14"]
[Round "1.10"]
[White "Manser, Luca"]
[Black "Duffau, Pascal"]
[Result "0-1"]
[WhiteElo "1590"]
[BlackElo "2011"]
[PlyCount "64"]
[EventDate "2007.??.??"]

1. e4 e6 2. d4 d5 3. e5 c5 4. c3 Qb6 5. Nf3 Bd7 6. Be2 Nc6 7. O-O cxd4 8. cxd4
Nge7 9. Nc3 Nf5 10. Na4 Qd8 11. Re1 Bb4 12. Nc3 O-O 13. Bg5 Be7 14. Bc1 Rc8 15.
a3 f6 16. Bf4 g5 17. Bg3 Nxg3 18. hxg3 fxe5 19. Nxe5 Nxe5 20. dxe5 Qb6 21. Rf1
Qxb2 22. Na4 Qxe5 23. Bd3 b5 24. Re1 Qf6 25. Qh5 Rf7 26. f3 bxa4 27. Kf2 Qd4+
28. Ke2 Rc2+ 29. Bxc2 Bb5+ 30. Bd3 Qxd3+ 31. Kf2 Bc5+ 32. Re3 Qxe3# 0-1

[Event "7eme Open de Saint-Chely d'Aubrac"]
[Site "Saint-Chely d'Aubrac (12)"]
[Date "2007.07.14"]
[Round "1.11"]
[White "Boulier, Rene"]
[Black "Ruetsch, Johan"]
[Result "1-0"]
[WhiteElo "1971"]
[BlackElo "1590"]
[PlyCount "105"]
[EventDate "2007.??.??"]

1. e4 c5 2. Nc3 Nc6 3. f4 g6 4. Nf3 Bg7 5. Bb5 e6 6. Bxc6 bxc6 7. O-O Ne7 8.
Na4 d6 9. d3 O-O 10. c3 Ba6 11. Rf2 Bb5 12. c4 Bxa4 13. Qxa4 Qb6 14. Be3 Qb4
15. Qc2 Rfb8 16. Rb1 Qa5 17. b3 Qc7 18. g4 Rf8 19. e5 Rfd8 20. Rd1 d5 21. Bxc5
Re8 22. Bxe7 Rxe7 23. c5 Qa5 24. h4 f6 25. d4 fxe5 26. dxe5 Rf8 27. Nd4 Qc7 28.
Qe2 Qd7 29. Qa6 Ref7 30. Rdf1 Bh6 31. g5 Bg7 32. b4 Qb7 33. Qxb7 Rxb7 34. Nxe6
Re8 35. Nxg7 Kxg7 36. a3 d4 37. Rd1 Rd7 38. Rf3 Kf7 39. Rfd3 Red8 40. Kf2 Ke6
41. Kf3 Rd5 42. Ke4 a6 43. Rxd4 R8d7 44. Rxd5 cxd5+ 45. Kd4 Rc7 46. a4 Rc6 47.
b5 axb5 48. axb5 Rc8 49. c6 Ke7 50. Kc5 Ke6 51. Rxd5 Kf5 52. Rd4 Ke6 53. b6 1-0

[Event "7eme Open de Saint-Chely d'Aubrac"]
[Site "Saint-Chely d'Aubrac (12)"]
[Date "2007.07.14"]
[Round "1.12"]
[White "Wavresky, Andre"]
[Black "Schmitt, Claude"]
[Result "0-1"]
[WhiteElo "1590"]
[BlackElo "1970"]
[PlyCount "103"]
[EventDate "2007.??.??"]

1. e4 c5 2. c3 d5 3. exd5 Qxd5 4. d4 cxd4 5. Nf3 Nc6 6. cxd4 Nf6 7. Nc3 Qa5 8.
h3 e6 9. Bd2 Be7 10. Bc4 O-O 11. O-O Rd8 12. Re1 Nxd4 13. Nxd4 Rxd4 14. Bb3 Qd8
15. Re2 b6 16. Nb5 Rd7 17. Qe1 a6 18. Nc3 Bb7 19. Rd1 Rc8 20. Be3 Rxd1 21. Bxd1
Bc5 22. Rd2 Qe7 23. Bg5 Rd8 24. Bc2 h6 25. Bh4 g5 26. Bg3 Rxd2 27. Qxd2 Qd7 28.
Qxd7 Nxd7 29. Kf1 Bd4 30. Nd1 f5 31. f3 Kf7 32. Bf2 Bxf2 33. Nxf2 Bd5 34. b3
Kf6 35. Ke2 Nb8 36. Nd3 Nc6 37. Kd2 h5 38. Ne1 h4 39. Bd3 b5 40. Nc2 e5 41. Ne1
Nb4 42. Bb1 a5 43. a3 Nc6 44. Kc3 b4+ 45. axb4 axb4+ 46. Kc2 Nd4+ 47. Kb2 e4
48. fxe4 fxe4 49. Bc2 Ke5 50. Bb1 Kf4 51. Nc2 Nxc2 52. Bxc2 0-1

[Event "7eme Open de Saint-Chely d'Aubrac"]
[Site "Saint-Chely d'Aubrac (12)"]
[Date "2007.07.14"]
[Round "1.13"]
[White "Labarthe, Arnaud"]
[Black "Lemaire, Olivier"]
[Result "1/2-1/2"]
[WhiteElo "1952"]
[BlackElo "1578"]
[PlyCount "100"]
[EventDate "2007.??.??"]

1. d4 d5 2. Nc3 Bf5 3. f3 e6 4. e4 dxe4 5. fxe4 Bg6 6. Nf3 Nf6 7. Bd3 Bb4 8.
Bg5 Be7 9. h4 h6 10. Bxf6 Bxf6 11. e5 Bxd3 12. Qxd3 Be7 13. Qb5+ Nd7 14. Qxb7
Rb8 15. Qxa7 Rxb2 16. O-O-O Rb8 17. Rd3 Qc8 18. Qa4 O-O 19. Qc6 Ba3+ 20. Kd2
Rb6 21. Qe4 Qa6 22. Nb1 Bb4+ 23. Ke3 Qxa2 24. c3 Be7 25. Rd2 Qa7 26. g4 Rfb8
27. Rdd1 Qb7 28. Qxb7 R6xb7 29. Nbd2 c5 30. Rb1 cxd4+ 31. cxd4 Nb6 32. Kd3 Nd5
33. Rxb7 Rxb7 34. Rb1 Rxb1 35. Nxb1 Bb4 36. g5 Kf8 37. gxh6 gxh6 38. Nbd2 Bxd2
39. Nxd2 f6 40. Nf3 Ke7 41. Kc4 Nf4 42. Kc5 Nd5 43. Nh2 Ne3 44. exf6+ Kxf6 45.
Nf3 Kf5 46. Kd6 Kg4 47. Ne5+ Kxh4 48. Kxe6 Kg5 49. Nf7+ Kg6 50. Ne5+ Kg5
1/2-1/2

[Event "7eme Open de Saint-Chely d'Aubrac"]
[Site "Saint-Chely d'Aubrac (12)"]
[Date "2007.07.14"]
[Round "1.14"]
[White "Le Picard, Christopher"]
[Black "Carno, Matthias"]
[Result "0-1"]
[WhiteElo "1560"]
[BlackElo "1940"]
[PlyCount "110"]
[EventDate "2007.??.??"]

1. d4 g6 2. c4 Bg7 3. Nc3 Nf6 4. Nf3 d6 5. Bg5 O-O 6. e3 c5 7. Qb3 cxd4 8. exd4
Re8 9. g3 h6 10. Be3 Ng4 11. Bg2 Nxe3 12. fxe3 Nc6 13. O-O Rb8 14. a3 Bd7 15.
Nd2 Qa5 16. c5 Nd8 17. Nc4 Qa6 18. Nd5 Ne6 19. Nb4 Qb5 20. a4 Nxd4 21. exd4
Bxd4+ 22. Kh1 Qxc5 23. Nd3 Qc7 24. Rac1 Be6 25. Nf4 Qd7 26. Qd3 Bf6 27. Bd5 (
27. Nxe6 Qxe6 28. Bd5) 27... Bf5 28. Qb3 e6 29. Bg2 g5 30. Nh5 Bh8 31. Rcd1 d5
32. h3 Qc7 33. Ne3 Bg6 34. Nf6+ Bxf6 35. Rxf6 Qxg3 36. Rdf1 Bf5 37. Rf3 Qe5 38.
Nxf5 Qxf6 39. Nd6 Qe7 40. Nxe8 Qxe8 41. Bf1 Qd7 42. Qe3 d4 43. Qe1 Qxa4 44. Qe5
Qe8 45. Qxd4 b6 46. Qf6 Qf8 47. Rg3 Qg7 48. Qf2 f5 49. Bc4 Qd7 50. Rd3 Qc6+ 51.
Bd5 exd5 52. Qxf5 Rf8 53. Qe5 Qc1+ 54. Kg2 Qf1+ 55. Kg3 Qg1# 0-1

[Event "7eme Open de Saint-Chely d'Aubrac"]
[Site "Saint-Chely d'Aubrac (12)"]
[Date "2007.07.14"]
[Round "1.15"]
[White "Lemaire, Matthieu"]
[Black "Tassetti, Florent"]
[Result "1-0"]
[WhiteElo "1934"]
[BlackElo "1560"]
[PlyCount "99"]
[EventDate "2007.??.??"]

1. e4 e5 2. Nf3 Nc6 3. Bb5 Bc5 4. c3 a6 5. Ba4 b5 6. Bc2 d6 7. O-O Bg4 8. d3
Nf6 9. Nbd2 Qd7 10. Re1 O-O 11. Nf1 h6 12. h3 Bxh3 13. gxh3 Qxh3 14. Be3 Qg4+
15. Kh1 Qh5+ 16. N3h2 Bxe3 17. Qxh5 Nxh5 18. Nxe3 Nf4 19. Nd5 Nxd5 20. exd5 Ne7
21. d4 f6 22. Rad1 Rad8 23. Bb3 Kh8 24. f4 Ng6 25. fxe5 fxe5 26. Bc2 Ne7 27.
dxe5 dxe5 28. Rxe5 Nc8 29. Rf1 Nd6 30. b3 Kg8 31. Re7 Rxf1+ 32. Nxf1 Rc8 33.
Kg2 Re8 34. Rxe8+ Nxe8 35. Bg6 Nf6 36. Ne3 Kf8 37. Kf3 Ke7 38. Nf5+ Kd7 39. c4
bxc4 40. bxc4 Ne8 41. Bxe8+ Kxe8 42. Nxg7+ Kd7 43. Ke4 a5 44. Ke5 c6 45. d6 a4
46. Nh5 a3 47. Nf6+ Kd8 48. Ke6 h5 49. Nxh5 Kc8 50. Ke7 1-0

[Event "7eme Open de Saint-Chely d'Aubrac"]
[Site "Saint-Chely d'Aubrac (12)"]
[Date "2007.07.14"]
[Round "1.16"]
[White "Marie, Olivier"]
[Black "Rabier, Jean"]
[Result "1/2-1/2"]
[WhiteElo "1550"]
[BlackElo "1930"]
[PlyCount "96"]
[EventDate "2007.??.??"]

1. d4 b6 2. Nf3 Bb7 3. Bf4 e6 4. e3 Nf6 5. Bd3 Be7 6. Nbd2 d6 7. O-O Nbd7 8. h3
h6 9. a4 O-O 10. a5 Rc8 11. Bh2 c5 12. axb6 axb6 13. Qe2 Ra8 14. Rfd1 Qc7 15.
Nb3 Bc6 16. dxc5 bxc5 17. Nfd2 e5 18. Qe1 d5 19. Bf1 c4 20. Rxa8 Rxa8 21. Nc1
Bb4 22. Qe2 Qb7 23. c3 Bd6 24. Nxc4 Bc7 25. Na3 Ba4 26. Re1 Rb8 27. b4 Ne4 28.
Qd3 Qc6 29. Ne2 Nef6 30. Rc1 Ra8 31. c4 e4 32. Qd4 Bxh2+ 33. Kxh2 Qd6+ 34. Ng3
Qxb4 35. Nc2 Qb3 36. cxd5 Rc8 37. Nxe4 Rxc2 38. Rxc2 Qxc2 39. Bd3 Qb3 40. Nxf6+
Nxf6 41. d6 Bd7 42. e4 Qb8 43. e5 Ne8 44. g4 Kf8 45. f4 f6 46. Bg6 Qd8 47. Bxe8
Kxe8 48. Kg3 f5 1/2-1/2

[Event "7eme Open de Saint-Chely d'Aubrac"]
[Site "Saint-Chely d'Aubrac (12)"]
[Date "2007.07.14"]
[Round "1.17"]
[White "Huin, Eric"]
[Black "Godard, Steven"]
[Result "1-0"]
[WhiteElo "1929"]
[BlackElo "1499"]
[PlyCount "95"]
[EventDate "2007.??.??"]

1. e4 c6 2. d4 d5 3. Nc3 dxe4 4. Nxe4 Bf5 5. Ng3 Bg6 6. f4 e6 7. Nf3 Nd7 8. Bd3
Bxd3 9. Qxd3 Ngf6 10. O-O Be7 11. f5 exf5 12. Nxf5 O-O 13. Nxe7+ Qxe7 14. Bf4
Rfe8 15. Rae1 Qb4 16. a3 Qb6 17. b4 Rxe1 18. Rxe1 Re8 19. Rxe8+ Nxe8 20. Ng5
Ndf6 21. c4 h6 22. Nf3 Qd8 23. Ne5 g5 24. Be3 Nd6 25. Qb3 Nf5 26. Qd3 Nxe3 27.
Qxe3 Qe7 28. Kf2 Nd7 29. Ng4 Qxe3+ 30. Kxe3 Kg7 31. Ke4 Nf6+ 32. Nxf6 Kxf6 33.
d5 cxd5+ 34. Kxd5 Ke7 35. c5 f5 36. b5 f4 37. Ke5 Kd7 38. Kf5 a6 39. a4 Ke7 40.
h3 a5 41. Kg6 Ke6 42. Kxh6 Kd5 43. c6 bxc6 44. bxc6 Kxc6 45. Kxg5 Kc5 46. h4
Kb4 47. h5 Kxa4 48. h6 1-0

[Event "7eme Open de Saint-Chely d'Aubrac"]
[Site "Saint-Chely d'Aubrac (12)"]
[Date "2007.07.14"]
[Round "1.18"]
[White "Schneider, Alec"]
[Black "Tournier, Jean-Pascal"]
[Result "0-1"]
[WhiteElo "1499"]
[BlackElo "1888"]
[PlyCount "40"]
[EventDate "2007.??.??"]

1. e4 e5 2. Bc4 Nf6 3. d3 Bc5 4. Nf3 Nc6 5. O-O d6 6. Nc3 Bg4 7. Be3 Bxe3 8.
fxe3 Qd7 9. d4 O-O 10. Be2 Rad8 11. Qd2 a6 12. Rad1 Rfe8 13. dxe5 Nxe5 14. Nxe5
Rxe5 15. Bf3 Bxf3 16. gxf3 Rg5+ 17. Kh1 Qh3 18. Rf2 Nh5 19. Qe1 Ng3+ 20. Kg1
Nxe4+ 0-1

[Event "7eme Open de Saint-Chely d'Aubrac"]
[Site "Saint-Chely d'Aubrac (12)"]
[Date "2007.07.14"]
[Round "1.20"]
[White "Veys, Vincent"]
[Black "Jester, Christian"]
[Result "0-1"]
[WhiteElo "1490"]
[BlackElo "1871"]
[PlyCount "124"]
[EventDate "2007.??.??"]

1. e4 c6 2. d4 d5 3. exd5 cxd5 4. Nf3 Nc6 5. Be3 Bf5 6. Bd3 Bg6 7. Nc3 e6 8.
Qd2 Nf6 9. O-O-O Bb4 10. Rhe1 Qa5 11. a3 Ne4 12. Bxe4 Bxc3 13. Qxc3 Qxc3 14.
bxc3 Bxe4 15. Nh4 Na5 16. f3 Bg6 17. Nxg6 hxg6 18. h3 Nc4 19. a4 Nb6 20. a5 Nc4
21. a6 b5 22. Bf4 Rc8 23. Rd3 Rc6 24. Kd1 Nb2+ 25. Kd2 Nxd3 26. Kxd3 Rxa6 27.
Rb1 Rb6 28. Bd2 Kd7 29. Ra1 Ra8 30. g4 a6 31. h4 Rh8 32. Rh1 a5 33. h5 a4 34.
h6 gxh6 35. Ra1 Ra6 36. Bc1 a3 37. Rxa3 Rxa3 38. Bxa3 h5 39. gxh5 gxh5 40. Bc1
h4 41. Bf4 h3 42. Bh2 Rg8 43. Ke3 Rg2 44. Bf4 h2 45. Bxh2 Rxh2 46. Kd3 Rf2 47.
Ke3 Rxc2 48. Kd3 Rh2 49. f4 Rh3+ 50. Kc2 Rf3 51. Kb3 Rxf4 52. Kb4 f5 53. Kxb5
Re4 54. c4 Rxd4 55. cxd5 Rxd5+ 56. Kc4 f4 57. Kc3 f3 58. Kc2 f2 59. Kc3 f1=Q
60. Kc2 Qc4+ 61. Kb2 Rb5+ 62. Ka3 Qb3# 0-1

[Event "7eme Open de Saint-Chely d'Aubrac"]
[Site "Saint-Chely d'Aubrac (12)"]
[Date "2007.07.14"]
[Round "1.21"]
[White "Sidibe, Malika"]
[Black "Jaafar, Nacer"]
[Result "1-0"]
[WhiteElo "1868"]
[BlackElo "1460"]
[PlyCount "59"]
[EventDate "2007.??.??"]

1. e4 e5 2. Nf3 Nc6 3. Bb5 Nge7 4. O-O g6 5. d4 Bg7 6. dxe5 Nxe5 7. Nc3 c6 8.
Ba4 O-O 9. Bf4 Nxf3+ 10. Qxf3 f5 11. Bb3+ Kh8 12. Bd6 fxe4 13. Qxe4 Rf5 14.
Qxe7 Qxe7 15. Bxe7 Bd4 16. Rad1 c5 17. Ne2 Bxb2 18. Ng3 Rf4 19. Ne2 Re4 20.
Bxc5 Rxe2 21. Rfe1 Rxe1+ 22. Rxe1 a5 23. Re8+ Kg7 24. Ba4 b5 25. Bxb5 Rb8 26.
a4 Bf6 27. Bd6 Rb6 28. Bf8+ Kf7 29. Rxc8 Re6 30. Bc4 1-0

[Event "7eme Open de Saint-Chely d'Aubrac"]
[Site "Saint-Chely d'Aubrac (12)"]
[Date "2007.07.14"]
[Round "1.22"]
[White "Heudre, Clement"]
[Black "Danzanvilliers, Patrice"]
[Result "0-1"]
[WhiteElo "1420"]
[BlackElo "1858"]
[PlyCount "90"]
[EventDate "2007.??.??"]

1. e4 Nf6 2. Nc3 d5 3. e5 Ne4 4. Nxe4 dxe4 5. d3 Bf5 6. dxe4 Qxd1+ 7. Kxd1 Bxe4
8. f3 Bc6 9. Be3 e6 10. f4 Nd7 11. Be2 Bxg2 12. Bf3 Bxh1 13. Bxh1 c6 14. Ne2
Bc5 15. Bxc5 Nxc5 16. Ng3 O-O-O+ 17. Ke2 Rd4 18. Ke3 Rhd8 19. Ne2 Rd2 20. Rc1
Na6 21. Be4 R2d7 22. Bxh7 Rh8 23. Bd3 Nb4 24. a3 Nd5+ 25. Kf3 Rxh2 26. c4 Rh3+
27. Ng3 Ne7 28. Bc2 Rd2 29. Kg4 Rhh2 30. Be4 Rxb2 31. Rh1 Rxh1 32. Bxh1 Kc7 33.
Ne4 Nf5 34. Ng5 Rb3 35. Bf3 Nh6+ 36. Kg3 Rxa3 37. Ne4 Nf5+ 38. Kg4 Ne3+ 39. Kg3
Nxc4 40. Kg4 Kd7 41. Nc5+ Kc7 42. Be2 Ne3+ 43. Kg5 Nf5 44. Bg4 Rg3 45. Ne4 Rg2
0-1

[Event "7eme Open de Saint-Chely d'Aubrac"]
[Site "Saint-Chely d'Aubrac (12)"]
[Date "2007.07.14"]
[Round "1.23"]
[White "Viennot, Dylan"]
[Black "Meyer, Bernard"]
[Result "1-0"]
[WhiteElo "1840"]
[BlackElo "1410"]
[PlyCount "21"]
[EventDate "2007.??.??"]

1. e4 e5 2. Nf3 Nc6 3. Bb5 a6 4. Ba4 b5 5. Bb3 d6 6. c3 Nf6 7. O-O Nxe4 8. Bd5
Nxf2 9. Bxc6+ Bd7 10. Bxd7+ Qxd7 11. Rxf2 1-0

[Event "7eme Open de Saint-Chely d'Aubrac"]
[Site "Saint-Chely d'Aubrac (12)"]
[Date "2007.07.14"]
[Round "1.24"]
[White "Saucey, Milena"]
[Black "De Biasi, Robert"]
[Result "0-1"]
[WhiteElo "1380"]
[BlackElo "1825"]
[PlyCount "58"]
[EventDate "2007.??.??"]

1. e4 c5 2. Nf3 d6 3. d4 cxd4 4. Nxd4 Nf6 5. Nc3 g6 6. Bc4 Bg7 7. O-O O-O 8.
Be3 Nc6 9. Nf3 Bd7 10. Qc1 Ng4 11. h3 Nxe3 12. fxe3 Ne5 13. Bd5 Rb8 14. Ng5 e6
15. h4 exd5 16. Nxd5 h6 17. Nf3 Nxf3+ 18. Rxf3 Qxh4 19. Qf1 Qxe4 20. Rf6 Qxd5
21. Rf2 Qg5 22. Rd1 Be5 23. Rd5 Qg3 24. Rxe5 Qxe5 25. Rf6 Bc6 26. Rf4 Qxe3+ 27.
Kh1 Rfe8 28. Rh4 Qg3 29. Rxh6 Re1 0-1

[Event "7eme Open de Saint-Chely d'Aubrac"]
[Site "Saint-Chely d'Aubrac (12)"]
[Date "2007.07.14"]
[Round "1.25"]
[White "Mourgues, Joelle"]
[Black "Causse, Michel"]
[Result "1-0"]
[WhiteElo "1798"]
[BlackElo "1360"]
[PlyCount "113"]
[EventDate "2007.??.??"]

1. Nf3 d5 2. g3 Nf6 3. Bg2 Nc6 4. d3 e5 5. O-O Bd6 6. Nbd2 O-O 7. c3 Re8 8. e4
dxe4 9. dxe4 a6 10. Qe2 b5 11. h3 Nb8 12. Nh4 c6 13. Rd1 Qe7 14. Nf1 Be6 15.
Ne3 g6 16. b3 Rd8 17. Bb2 a5 18. c4 Nbd7 19. cxb5 cxb5 20. Nd5 Bxd5 21. exd5 b4
22. Rac1 Rac8 23. Rc6 Nb8 24. Rxc8 Rxc8 25. Qd3 Nbd7 26. Bc1 Rc3 27. Qa6 Bc7
28. Bh6 Ne8 29. Nf3 Nd6 30. Rc1 Rxc1+ 31. Bxc1 f6 32. Qc6 Nb8 33. Qc2 Bb6 34.
Nd2 Qc7 35. Qxc7 Bxc7 36. h4 Na6 37. Bf1 Nc5 38. Nc4 Kf8 39. Be3 Ncb7 40. Kg2
Ke7 41. Nd2 Nf5 42. Ba7 Bd6 43. Ne4 h5 44. Ba6 Nd8 45. Bb6 Nf7 46. Bxa5 N7h6
47. Bc4 Nd4 48. Nxd6 Kxd6 49. Bxb4+ Kd7 50. f3 Nf7 51. a4 Nd6 52. a5 Nc8 53.
Bc5 Nf5 54. a6 Nfd6 55. a7 Nxa7 56. Bxa7 Nxc4 57. bxc4 1-0

[Event "7eme Open de Saint-Chely d'Aubrac"]
[Site "Saint-Chely d'Aubrac (12)"]
[Date "2007.07.14"]
[Round "1.26"]
[White "Carrie, Emilien"]
[Black "Epstein, Raphael"]
[Result "0-1"]
[WhiteElo "1240"]
[BlackElo "1771"]
[PlyCount "112"]
[EventDate "2007.??.??"]

1. d4 Nf6 2. Nc3 e6 3. Bf4 Bb4 4. a3 Bxc3+ 5. bxc3 Nd5 6. Qd2 Nc6 7. e3 Nxf4 8.
exf4 O-O 9. Bd3 b6 10. Ne2 f5 11. O-O Bb7 12. Ng3 Qf6 13. Qe3 g6 14. Qf3 Na5
15. Qe3 d6 16. Rae1 Rfe8 17. Bb5 c6 18. Bd3 Kf7 19. c4 Ba6 20. c5 Bxd3 21. Qxd3
dxc5 22. dxc5 b5 23. Re3 Rad8 24. Qc3 Qxc3 25. Rxc3 Nc4 26. a4 a6 27. a5 Rd5
28. Rd3 Rxc5 29. Rc3 Rd5 30. Ra1 Red8 31. h3 Rd1+ 32. Rxd1 Rxd1+ 33. Kh2 Ra1
34. Ne2 Ra3 35. Rxa3 Nxa3 36. c3 c5 37. g3 Nc4 38. g4 Nxa5 39. f3 Nc4 40. Kg3
a5 41. Kh4 Kf6 42. g5+ Ke7 43. Nc1 a4 44. Nd3 Kd6 45. Nc1 b4 46. cxb4 cxb4 47.
Kg3 b3 48. Nd3 b2 49. Kh4 b1=Q 50. Kg3 Qxd3 51. Kf2 e5 52. fxe5+ Nxe5 53. Kg3
Qxf3+ 54. Kh2 Nd3 55. Kg1 Ne1 56. Kh2 Qg2# 0-1

[Event "7eme Open de Saint-Chely d'Aubrac"]
[Site "Saint-Chely d'Aubrac (12)"]
[Date "2007.07.15"]
[Round "2.1"]
[White "Carno, Matthias"]
[Black "Degraeve, Jean-Marc"]
[Result "0-1"]
[WhiteElo "1940"]
[BlackElo "2520"]
[PlyCount "72"]
[EventDate "2007.??.??"]

1. e4 b6 2. d4 Bb7 3. Nc3 e6 4. Bd3 Nf6 5. Bg5 h6 6. Bh4 Be7 7. Bg3 Bb4 8. f3
d5 9. e5 Nfd7 10. a3 Be7 11. Nge2 c5 12. Bb5 Bc6 13. f4 g6 14. Bf2 a6 15. Bxc6
Nxc6 16. O-O Qc7 17. Qd3 b5 18. Nd1 cxd4 19. Nxd4 Nxd4 20. Bxd4 Qc4 21. Ne3
Qxd3 22. cxd3 Nc5 23. Bxc5 Bxc5 24. Kf2 Rc8 25. Rac1 Kd7 26. Ke2 Bd4 27. Rb1
Rc6 28. b3 h5 29. Rfd1 Rhc8 30. Rd2 Rc1 31. Rxc1 Rxc1 32. Ra2 a5 33. Nc2 Rg1
34. Kf3 Rf1+ 35. Kg3 Rf2 36. h4 Rd2 0-1

[Event "7eme Open de Saint-Chely d'Aubrac"]
[Site "Saint-Chely d'Aubrac (12)"]
[Date "2007.07.15"]
[Round "2.2"]
[White "Riff, Jean-Noel"]
[Black "Lemaire, Matthieu"]
[Result "1-0"]
[WhiteElo "2460"]
[BlackElo "1934"]
[PlyCount "23"]
[EventDate "2007.??.??"]

1. e4 e5 2. Nf3 Nc6 3. Bb5 a6 4. Ba4 Nf6 5. O-O Be7 6. Re1 b5 7. Bb3 d6 8. c3
O-O 9. h3 Nb8 10. d3 Nbd7 11. Nbd2 Re8 $4 12. Bxf7+ 1-0